Handbook of multivalued analysis

Αποθηκεύτηκε σε:
Λεπτομέρειες βιβλιογραφικής εγγραφής
Κύριος συγγραφέας: Hu, Shouchuan
Άλλοι συγγραφείς: Παπαγεωργίου, Νικόλαος Σ.
Μορφή: Βιβλίο
Γλώσσα:English
Δημοσίευση: Dordrecht ; Boston : Kluwer Academic, c1997-2000
Σειρά:Mathematics and its applications ; ; v.419-500
Θέματα:
Ετικέτες: Προσθήκη ετικέτας
Δεν υπάρχουν, Καταχωρήστε ετικέτα πρώτοι!

MARC

LEADER 00000cam a2200000 i 4500
001 1/77075
008 990402s19972000 eng d
020 |a 0-7923-4682-3 
035 |l 10049749 
040 |a GR-MY-UA  |b gre  |e aacr 
041 0 |a eng 
082 0 |a 515.2 
100 1 |a Hu, Shouchuan. 
245 1 0 |a Handbook of multivalued analysis /  |c Shouchuan Hu and Nikolas S. Papageorgiou 
260 |a Dordrecht ; Boston :   |b Kluwer Academic,   |c c1997-2000 
300 |a 2 v.;  |b ill.;  |c 25 cm. 
490 1 |a Mathematics and its applications  |v ; v.419-500 
500 |a Includes bibliographical references and index 
505 0 |a v.1: Theory -- v.2: Applications 
650 0 0 |a Set-valued maps. 
650 0 0 |a Mathematical analysis. 
700 1 |a Παπαγεωργίου, Νικόλαος Σ. 
740 0 2 |a Theory 
740 0 2 |a Applications 
830 0 |a Mathematics and its applications ;  |v ; v.419-500 
852 |a INST  |b SAMOS  |e 19990402  |h 515.2 HUS  |p 005300013512  |q 005300013512  |t BK  |y 0  |z v.1 
852 |a INST  |b SAMOS  |e 20000629  |h 515.2 HUS  |p 005300019403  |q 005300019403  |t BK  |y 0  |z v.2 
852 |a INST  |b SAMOS  |e 19990402  |h 515.2 HUS  |p 005300013512  |q 005300013512  |t BK  |v v.1:  |y 0  |z v.1 
852 |a INST  |b SAMOS  |e 20000629  |h 515.2 HUS  |p 005300019403  |q 005300019403  |t BK  |v v.2:  |y 0  |z v.2 
853 |a INST  |b SAMOS  |h 515.2 HUS 
901 |a BIBL3-1999-1 
901 |a BIBL3-2000-2 
909 |a Σ  |b 060623 
909 |a Σ  |b 079251 
922 |a 3ΕΛΗ  |b 199901  |c ΕΠΕΑΕΚ/ΜΑΘ  |d LEADER 
970 |a ΠΟΥΡΝΑΡΑΣ  |b ΔΗΜΗΤΡΗΣ  |z 2000/06/29